gymnastics skills - Statistics

General Stats
  • This quiz has been taken 65 times
    64 since last reset
  • The average score is 7 of 28
Answer Stats
Hint answer % Correct
bars giant
68%
bars kip
68%
vault yurchenko
51%
back tuck
47%
backhandspring
43%
twist full
43%
front hand spring
42%
front tuck
40%
vault Tsukahara
40%
split
36%
flyaway
30%
layout
26%
dance switch-leap
19%
Round Off
17%
double back
15%
bars clear hip
13%
straddle jump to land in a front lying support Shushunova
11%
Arabian
9%
Cast w. salto fwd straddled to regrasp Comaneci
8%
pirouette
8%
Double salto fwd tucked w. 1/2 twist out Podkopayeva
8%
dance ariel
6%
bars baby giant
2%
full-in full-out
2%
Geinger
2%
Tap Swing
2%
Arabesque
0%
Releve
0%
No matching quizzes found
Score Distribution
Percent of People with Each Score
Percentile by Number Answered
Your Score History
You have not taken this quiz since the last reset